| 000 | 00963nam a22002417a 4500 | ||
|---|---|---|---|
| 005 | 20230530023413.0 | ||
| 008 | 221214b |||||||| |||| 00| 0 eng d | ||
| 020 | _a978-621-427-046-0 | ||
| 082 | _aFil. 004.6 C336 2019 | ||
| 100 |
_aSarmiento, Marygin E. _eauthor |
||
| 245 |
_aCSS and networking guide for CCNA and CSS: _bNCII / _cMarygin E. Sarmiento, Marmelo V. Abante, Rolando R. Lansigan, Luisa M. Macatangay, Jaime Sebastien S. Mendiola, Kenneth A. Cambaya |
||
| 260 |
_aManila: _bUnlimited Books Library Services and Publishing, _cc2019. |
||
| 300 |
_aiv, 366p.; _bill. |
||
| 504 | _aIncludes references | ||
| 541 | _e6873 c.1, 6874 c.2, 6875 c.3 | ||
| 650 | _aComputer networks | ||
| 650 | _aCascading style sheets | ||
| 700 |
_aAbante, Marmelo V. _eauthor |
||
| 700 |
_aLansigan, Rolando R. _eauthor |
||
| 700 |
_aMacatangay, Luisa M. _eauthor |
||
| 700 |
_aMendiola, Jaime Sebastien S. _eauthor |
||
| 700 |
_aCambaya, Kenneth A. _eauthor |
||
| 999 |
_c383 _d383 |
||